Paesi europei con più musulmani - Statistics

Statistiche generali
  • Questo quiz è stato fatto 184 volte
  • Il punteggio medio è 6 su 11
Statistiche sulle risposte
% paese % Corretto
7 - 9 Francia
85%
50.7 Bosnia ed Erzegovina
83%
95.6 Kosovo
80%
7.8 Bulgaria
68%
33.3 Macedonia del Nord
68%
19.1 Montenegro
66%
10 - 15 Russia
50%
5 Svezia
40%
5 Belgio
34%
5 Paesi Bassi
34%
56.7 Albanie
6%
Nessun quiz corrispondente trovato
Distribuzione punteggi
Percentuale di utenti per punteggio
Percentile per numero di risposta
I tuoi punteggi nel tempo
Non hai fatto questo quiz